| 000 | 00524nam a2200181Ia 4500 | ||
|---|---|---|---|
| 999 |
_c36846 _d36846 |
||
| 003 | OSt | ||
| 005 | 20210125110518.0 | ||
| 008 | 190216s9999||||xx |||||||||||||| ||und|| | ||
| 020 | _a9788126124763 | ||
| 040 | _coclc | ||
| 082 |
_a500 _bTEA/M |
||
| 100 | _aA Team Of Experts | ||
| 245 | 0 |
_aModern UGC NET/ CSIR/ SLET Science Paper I / _cA Team Of Experts |
|
| 260 |
_bAnmol Publications, _aNew Delhi: _c2005. |
||
| 300 | _a499p | ||
| 650 | _aReferences | ||
| 942 |
_cREF _2ddc _h500 _iTEA/M _k500 _mTEA/M |
||